Human rights in India : (Record no. 57546)

MARC details
000 -LEADER
fixed length control field 01025nam a22002897a 4500
005 - DATE AND TIME OF LATEST TRANSACTION
control field 20111011145221.0
008 - FIXED-LENGTH DATA ELEMENTS--GENERAL INFORMATION
fixed length control field 111011t xxu||||| |||| 00| 0 eng d
010 ## - LCCN (DPL NO)
LC control number ENG-103945
020 ## - INTERNATIONAL STANDARD BOOK NUMBER
International Standard Book Number 9788179860878
Terms of availability 695.00
035 ## - SYSTEM CONTROL NUMBER
System control number EN-87478
037 ## - SOURCE OF ACQUISITION
Source of stock number/acquisition DBAD/PUB
040 ## - CATALOGING SOURCE
Original cataloging agency DPL
Language of cataloging Eng
082 ## - DEWEY DECIMAL CLASSIFICATION NUMBER
Classification number 323.0954
100 ## - MAIN ENTRY--PERSONAL NAME
9 (RLIN) 35436
245 00 - TITLE STATEMENT
Title Human rights in India :
Statement of responsibility, etc edited by A.S. Anand [and] A.V. Afonso
Remainder of title theory and practice /
260 ## - PUBLICATION, DISTRIBUTION, ETC. (IMPRINT)
Place of publication, distribution, etc Shimla
Name of publisher, distributor, etc Indian Institute of Advanced Study
Date of publication, distribution, etc 2011
270 ## - ADDRESS
Address Rashtrapati Nivas
City Shimla
Postal code 171005
300 ## - PHYSICAL DESCRIPTION
Extent xxxiii,400p.
Dimensions 24cm (Hb)
610 ## - SUBJECT ADDED ENTRY--CORPORATE NAME
9 (RLIN) 35431
650 ## - SUBJECT ADDED ENTRY--TOPICAL TERM
9 (RLIN) 35432
651 ## - SUBJECT ADDED ENTRY--GEOGRAPHIC NAME
9 (RLIN) 35433
700 1# - ADDED ENTRY--PERSONAL NAME
9 (RLIN) 35434
Personal name Anand, A.S.
700 1# - ADDED ENTRY--PERSONAL NAME
Personal name Afonso, A.V.
9 (RLIN) 35473
942 ## - ADDED ENTRY ELEMENTS (KOHA)
Source of classification or shelving scheme Dewey Decimal Classification
Item type English Books
Call number suffix HUM
Classification part 323.0954
Holdings
Withdrawn status Lost status Source of classification or shelving scheme Damaged status Not for loan Collection code Home library Current library Date acquired Source of acquisition Cost, normal purchase price Total Checkouts Full call number Barcode Date last seen Copy number Cost, replacement price Koha item type
    Dewey Decimal Classification   Not For Loan Non-fiction D.B.Act.Division D.B.Act.Division 11/10/2011 DBAD/PUB 695.00   323.0954 HUM EN-87478 11/10/2011 1 695.00 English Books

© Delhi Public Library
Hit Counter
free hit counter